000 01325nam a2200289 c 4500
001 18176
003 ES-MaCES
005 20141221122527.0
008 051108s2005 sp t o000 | spa d
035 _aCES20050012991m
040 _aES-MaCES
_bspa
_cES-MaCES
110 1 _aEspaña
_bConsejo de Estado
_92748
245 1 0 _aMemoria del año 2004 que el Consejo de Estado en Pleno eleva al Gobierno, en cumplimiento de lo dispuesto en el artículo 20.3 de la Ley orgánica 3-1980, de 23 de abril
260 _aMadrid
_bConsejo de Estado
_c2005
300 _a208 p.
_c24 cm
541 _cGratuito
610 1 4 _aEspaña
_bConsejo de Estado
_92748
650 4 _amemoria anual
_928977
650 4 _ainforme de actividades
_928984
650 4 _a2004
_931739
653 1 0 _aAdministración-Instituciones públicas
787 0 _tMemoria del año 2005 que el Consejo de Estado en Pleno eleva al Gobierno, en cumplimiento de lo dispuesto en el artículo 20.3 de la Ley orgánica 3-1980, de 23 de abril
_w(ES-MaCES)19956
787 0 _tMemoria del año 2003 que el Consejo de Estado en Pleno eleva al Gobierno, en cumplimiento de lo dispuesto en el artículo 20.3 de la Ley orgánica 3-1980, de 23 de abril
_w(ES-MaCES)16684
902 _aLIB Libro
942 _2CES
_cBK
_h6.3.
999 _c18176
_d18176